Filozofia starých Indov

Bibliographic Details
Main Author: Hajko, Dalimír, 1944- (Author)
Format: Article
Language:Slovak

MARC

LEADER 00000nab a2200000 a 4500
001 vtls011103499
003 SK-MaSNL
005 20260303150145.0
008 230222|1971 xo |||||||||||||||||slo|
015 |a SNBRB 
035 |a (uuid)c8898300-de2c-43b8-a1be-54953894ec1d 
035 |a (urnnbn)urn:nbn:sk:snk:ar-a0843k 
035 |a urn:nbn:sk:snk-ab9a05 
040 |a SNKBUCL  |b slo  |c SNKBUCL  |e AACR2 
041 0 |a slo 
044 |a xo  |c SK 
100 1 |a Hajko, Dalimír,  |d 1944-  |4 aut  |9 106405 
245 1 0 |a Filozofia starých Indov  |c Dalimír Hajko 
773 0 |t Svet vedy : populárnovedecký mesačník SAV a Čs. spoločnosti pre šírenie politických a vedeckých poznatkov  |g Roč. 18, č. 3 (1971), s. 126-130 
954 |a odborná, vedecká literatúra pôvodná (slovenská)  |2 lita 
958 |a OND 
958 |a EUIPO 
958 |a article13 
999 |c 2008317  |d 2010247